| 000 | 00454nam a22001457a 4500 | ||
|---|---|---|---|
| 999 |
_c15692 _d15692 |
||
| 003 | OSt | ||
| 008 | 190528b ||||| |||| 00| 0 eng d | ||
| 020 | _a9789351071983 | ||
| 082 |
_a664.0288 _bARV/IR |
||
| 100 |
_aArvanitoyannis, Ioannis S. _94183 |
||
| 245 | _aIrradiation of food commodities : techniques, applications, detection, legislation, safety and consumer opinion | ||
| 260 |
_aNew Delhi _bAcademic Press _c2014 |
||
| 300 | _a710 p. | ||
| 942 | _cBK | ||